| 000 -LEADER |
| fixed length control field |
00504nam a22001937a 4500 |
| 001 - CONTROL NUMBER |
| control field |
21611 |
| 003 - CONTROL NUMBER IDENTIFIER |
| control field |
BD-DhUAP |
| 005 - DATE AND TIME OF LATEST TRANSACTION |
| control field |
20220619132005.0 |
| 008 - FIXED-LENGTH DATA ELEMENTS--GENERAL INFORMATION |
| fixed length control field |
890704s19892005enk 0 eng d |
| 020 ## - INTERNATIONAL STANDARD BOOK NUMBER |
| International Standard Book Number |
9780571258246 |
| 040 ## - CATALOGING SOURCE |
| Original cataloging agency |
BD-DhUAP |
| Transcribing agency |
BD-DhUAP |
| Language of cataloging |
ENG |
| Modifying agency |
BD-DhUAP |
| 082 ## - DEWEY DECIMAL CLASSIFICATION NUMBER |
| Edition number |
21 |
| Classification number |
823 ISH |
| 100 1# - MAIN ENTRY--PERSONAL NAME |
| Personal name |
Ishiguro, Kazuo, |
| Dates associated with a name |
1954- |
| 245 14 - TITLE STATEMENT |
| Title |
The Remains of the day / |
| Statement of responsibility, etc. |
Kazuo Ishiguro. |
| 260 0# - PUBLICATION, DISTRIBUTION, ETC. |
| Place of publication, distribution, etc. |
London : |
| Name of publisher, distributor, etc. |
Faber, |
| Date of publication, distribution, etc. |
2005. |
| 300 ## - PHYSICAL DESCRIPTION |
| Extent |
258 p. ; |
| Dimensions |
20 cm. |
| 907 ## - LOCAL DATA ELEMENT G, LDG (RLIN) |
| a |
.b17035612 |
| 942 ## - ADDED ENTRY ELEMENTS (KOHA) |
| Source of classification or shelving scheme |
|
| Koha item type |
Book |